Les wendel rois de l'acier francais

Uloženo v:
Podrobná bibliografie
Hlavní autor: Fritsch, Pierre
Médium: Kniha
Jazyk:Undetermined
Vydáno: Paris Robert Laffont 1976
Témata:
Tagy: Přidat tag
Žádné tagy, Buďte první, kdo otaguje tento záznam!
Thư viện lưu trữ: Trung tâm Học liệu Trường Đại học Cần Thơ
LEADER 00535nam a2200193Ia 4500
001 CTU_99774
008 210402s9999 xx 000 0 und d
082 |a 338.7669 
082 |b F919 
100 |a Fritsch, Pierre 
245 0 |a Les wendel rois de l'acier francais 
245 0 |c Pierre Fritsch 
260 |a Paris 
260 |b Robert Laffont 
260 |c 1976 
650 |a Steel industry and trade,Iron industry and trade 
650 |z France,France 
904 |i Truc 
980 |a Trung tâm Học liệu Trường Đại học Cần Thơ